000 00421nam a2200181Ia 4500
001 1747
005 20260306143751.0
008 260306t1979||||xx |||||||||||||| ||spa||
041 _aESP
082 _a155.28
_bP78
100 _aPortuondo, J.
_eAUT
245 0 _aTest proyectivo de Karen Machover:
_bla figura humana
260 _c1979
300 _a
_c
650 _aGEN
654 _aCPS
942 _cLIB
_dJUS
_fJUS
_2ddc
_n
999 _c1747
_d1747